Up from slavery / (Record no. 184594)
[ view plain ]
| 000 -LEADER | |
|---|---|
| fixed length control field | 01252 a2200253 4500 |
| 003 - CONTROL NUMBER IDENTIFIER | |
| control field | Nust |
| 005 - DATE AND TIME OF LATEST TRANSACTION | |
| control field | 20221226090135.0 |
| 010 ## - LIBRARY OF CONGRESS CONTROL NUMBER | |
| LC control number | 95011088 |
| 020 ## - INTERNATIONAL STANDARD BOOK NUMBER | |
| International Standard Book Number | 0486287386 (pbk.) |
| 040 ## - CATALOGING SOURCE | |
| Transcribing agency | Nust |
| 082 00 - DEWEY DECIMAL CLASSIFICATION NUMBER | |
| Classification number | 340.92,WAS |
| 100 1# - MAIN ENTRY--PERSONAL NAME | |
| Personal name | Washington, Booker T., |
| 9 (RLIN) | 49668 |
| 245 10 - TITLE STATEMENT | |
| Title | Up from slavery / |
| Statement of responsibility, etc. | Booker T. Washington. |
| 260 ## - PUBLICATION, DISTRIBUTION, ETC. | |
| Place of publication, distribution, etc. | New York : |
| Name of publisher, distributor, etc. | Dover Publications, |
| Date of publication, distribution, etc. | 1995. |
| 300 ## - PHYSICAL DESCRIPTION | |
| Extent | vii, 166 p. ; |
| Dimensions | 22 cm. |
| 440 #0 - SERIES STATEMENT/ADDED ENTRY--TITLE | |
| Title | Dover thrift editions |
| 9 (RLIN) | 5048 |
| 505 ## - FORMATTED CONTENTS NOTE | |
| Formatted contents note | A Slave Among Slaves (Page-1), Boyhood Days (Page-16), The Struggle For An Education (Page-29), Helping Others (Page-44), The Reconstruction Period (Page-56), Black Race And Red Race (Page-64), Early Days At Tuskegee (Page-74), Teaching Schools In A Stable And A Hen-House (Page-83), Anxious Days And Sleepless Nights (Page-94), Raising Money (Page-125), The Atlanta Exposition Address (Page-153), The Secret Of Success In Public Speaking (Page-168). |
| 600 10 - SUBJECT ADDED ENTRY--PERSONAL NAME | |
| Personal name | Washington, Booker T., |
| Dates associated with a name | 1856-1915. |
| 9 (RLIN) | 105839 |
| 610 20 - SUBJECT ADDED ENTRY--CORPORATE NAME | |
| Corporate name or jurisdiction name as entry element | Tuskegee Institute. |
| 9 (RLIN) | 105840 |
| 650 #0 - SUBJECT ADDED ENTRY--TOPICAL TERM | |
| Topical term or geographic name entry element | African Americans |
| 9 (RLIN) | 27253 |
| 650 #0 - SUBJECT ADDED ENTRY--TOPICAL TERM | |
| Topical term or geographic name entry element | Educators |
| Geographic subdivision | United States |
| 9 (RLIN) | 105841 |
| 856 42 - ELECTRONIC LOCATION AND ACCESS | |
| Materials specified | Publisher description |
| Uniform Resource Identifier | <a href="http://www.loc.gov/catdir/enhancements/fy0704/95011088-d.html">http://www.loc.gov/catdir/enhancements/fy0704/95011088-d.html</a> |
| 942 ## - ADDED ENTRY ELEMENTS (KOHA) | |
| Source of classification or shelving scheme | |
| Koha item type | Book |
| Call number prefix | 340.92,WAS |
| Withdrawn status | Lost status | Source of classification or shelving scheme | Damaged status | Not for loan | Permanent Location | Current Location | Shelving location | Date acquired | Full call number | Barcode | Date last seen | Price effective from | Koha item type | Public note |
|---|---|---|---|---|---|---|---|---|---|---|---|---|---|---|
| Military College of Signals (MCS) | Military College of Signals (MCS) | General Stacks | 12/12/2016 | 340.92,WAS | MCS29257 | 12/08/2016 | 12/12/2016 | Book | Almirah No. 50, Shelf No. 5 |
